| 000 | 00946cam a22002895a 4500 | ||
|---|---|---|---|
| 001 | 17290646 | ||
| 005 | 20150813131123.0 | ||
| 008 | 120508r20131993pau frbf 001 0 eng d | ||
| 010 | _a2012015988 | ||
| 020 | _a9781608311101 | ||
| 020 | _a1608311104 | ||
| 040 |
_aDLC _b eng _cDLC _dDLC _dEG-ScBUE |
||
| 082 | 0 | 4 |
_a616.075 _222 _bCAR |
| 100 | 1 |
_aCarpenito, Lynda Juall. _912191 |
|
| 245 | 1 | 0 |
_aHandbook of nursing diagnosis / _cLynda Juall Carpenito. |
| 250 | _a14th ed. | ||
| 260 |
_aPhiladelphia : _bWolters Kluwer / Lippincott Williams & Wilkins Health, _c2013. |
||
| 300 |
_axxii, 874 p. ; _c18 cm. + _e1 health pattern. |
||
| 500 | _aIndex : p. 860-874. | ||
| 504 | _aBibliography : p. 847-859. | ||
| 590 | _aCatalogued by : Mostafa El-Helaly | ||
| 650 | 0 |
_aNursing diagnosis _vHandbooks, manuals, etc. _923840 _2BUEsh |
|
| 651 | _2BUEsh | ||
| 653 |
_bNNUR _cAugust2015 |
||
| 655 |
_vreading book _934232 |
||
| 942 |
_2ddc _k616.075 CAR |
||
| 999 |
_c18492 _d18464 |
||